[Event "Tournoi Skype 031B"]
[Site "Skype"]
[Date "????.??.??"]
[Round "3.2"]
[White "Luna Perez Vico, Lorenzo"]
[Black "Llabres, Sergio"]
[Result "0-1"]
[WhiteElo "1341"]
[BlackElo "1181"]
[PlyCount "80"]

1. e4 c6 2. d4 d5 3. Nd2 dxe4 4. Nxe4 Bf5 5. Ng3 Bg6 6. Nf3 e6 7. Bd3 Bxd3 8.
Qxd3 h6 9. h4 Be7 10. Bd2 Nd7 11. Nh5 g6 12. Nf4 Nf8 13. Ne2 Bf6 14. Nc3 Ne7
15. Ne4 Nd7 16. Nd6+ Kf8 17. Ne4 Bg7 18. Bb4 Kg8 19. Bc3 Nd5 20. Bd2 N7f6 21.
Nxf6+ Bxf6 22. Bc3 Nxc3 23. bxc3 Qc7 24. Qe3 Rd8 25. Ke2 Kg7 26. g3 Rhe8 27.
Ne5 Rd5 28. f4 Red8 29. Rhd1 b6 30. Nf3 c5 31. Kf1 cxd4 32. cxd4 Qc4+ 33. Qd3
Qxd3+ 34. Rxd3 Bxd4 35. Nxd4 Rxd4 36. Rad1 Rxd3 37. Rxd3 Rxd3 38. cxd3 Kf6 39.
Ke2 Kf5 40. d4 Ke4 0-1

[Event "Tournoi Skype 031B"]
[Site "Skype"]
[Date "????.??.??"]
[Round "3.3"]
[White "Roy, Shambhu Kumar"]
[Black "Conde, Abigail"]
[Result "1-0"]
[WhiteElo "1341"]
[BlackElo "1177"]
[PlyCount "65"]

1. e4 d6 2. d4 Nd7 3. Nf3 a6 4. Bd3 c5 5. c3 Ngf6 6. Be3 b5 7. a3 c4 8. Bc2 Bb7
9. Nbd2 Ng4 10. O-O Ndf6 11. h3 Nxe3 12. fxe3 e5 13. dxe5 dxe5 14. Nxe5 Bc5 15.
Qe2 O-O 16. Nef3 Nh5 17. Qf2 Qc7 18. Nd4 Qe5 19. N2f3 Qf6 20. e5 Qe7 21. Qh4
Qxh4 22. Nxh4 Ng3 23. Rf2 Rae8 24. Kh2 Nh5 25. g4 Rxe5 26. gxh5 Rxh5 27. Nhf5
g6 28. Ng3 Re8 29. Nxh5 gxh5 30. Rg1+ Kh8 31. Rxf7 Bd6+ 32. Rg3 Rxe3 33. Rxh7#
1-0

[Event "Tournoi Skype 031B"]
[Site "Skype"]
[Date "????.??.??"]
[Round "3.4"]
[White "Malbec, Robert"]
[Black "De Coninck, Philippe"]
[Result "0-1"]
[WhiteElo "1174"]
[BlackElo "1290"]
[PlyCount "54"]

1. e4 e5 2. Nf3 Nc6 3. Bc4 h6 4. c3 Nf6 5. Bd5 Nxd5 6. exd5 e4 7. Qe2 Qe7 8.
Ng1 Ne5 9. Qe3 Nd3+ 10. Kd1 d6 11. Ne2 Bg4 12. h3 Bxe2+ 13. Qxe2 O-O-O 14. Qe3
Kb8 15. Rf1 Qe5 16. c4 Nxb2+ 17. Kc2 Nxc4 18. Qc3 Qxc3+ 19. Nxc3 f5 20. Kb3 Ne5
21. f4 Nd3 22. g3 Be7 23. Ba3 Bf6 24. Kc2 Rhe8 25. Rab1 Bxc3 26. Kxc3 Nc5 27.
Rb2 Na4+ 0-1

[Event "Tournoi Skype 031B"]
[Site "Skype"]
[Date "????.??.??"]
[Round "3.5"]
[White "Fedeli, Emma"]
[Black "Nicolini, Francesco"]
[Result "0-1"]
[WhiteElo "1273"]
[BlackElo "1165"]
[PlyCount "111"]

1. d4 Nf6 2. c4 g6 3. Nc3 Bg7 4. Nf3 d6 5. e3 Nbd7 6. Be2 a6 7. O-O O-O 8. Rb1
b6 9. b4 a5 10. Nd2 axb4 11. Rxb4 Ne8 12. Bf3 Ra7 13. a4 c5 14. Nb5 Ra5 15. Rb1
cxd4 16. exd4 Nc7 17. Bb2 e6 18. Nxd6 Qe7 19. N2e4 Ra7 20. Re1 Ba6 21. Nb5 Nxb5
22. axb5 Bb7 23. Rc1 Rd8 24. c5 Bxe4 25. Bxe4 bxc5 26. Qd2 Nb6 27. d5 Ra2 28.
Rc2 Nc4 29. Rxc4 Rxb2 30. Qa5 exd5 31. Bxd5 Qf6 32. Bf3 Rdd2 33. Rxc5 Rxf2 34.
b6 Rxf3 35. Qa8+ Bf8 36. Qxf3 Qd4+ 37. Kh1 Qxc5 38. Rf1 f5 39. b7 Qb5 40. b8=Q
Qxb8 41. Qd5+ Kh8 42. Qf7 Bg7 43. Re1 Rb1 44. Qe7 Bc3 45. Rg1 Rxg1+ 46. Kxg1
Bd4+ 47. Kf1 Qf4+ 48. Ke2 Qf2+ 49. Kd3 h5 50. Qe8+ Kh7 51. Qd7+ Bg7 52. Qb7
Qf1+ 53. Ke3 Qg1+ 54. Kd3 Qxh2 55. Kc4 h4 56. Kd5 0-1

[Event "Tournoi Skype 031B"]
[Site "Skype"]
[Date "????.??.??"]
[Round "3.6"]
[White "Rosenkoetter, David"]
[Black "Cengiz, Ali Ekber"]
[Result "1-0"]
[WhiteElo "1169"]
[BlackElo "1266"]
[PlyCount "101"]

1. e4 e5 2. Nf3 Nc6 3. Bc4 h6 4. d4 exd4 5. Nxd4 Ne5 6. Bb3 d6 7. Nf3 Bg4 8.
Nbd2 Nf6 9. h3 Bh5 10. O-O Be7 11. c3 O-O 12. Qe2 a6 13. Bd1 b5 14. Qe1 Bg6 15.
Nxe5 dxe5 16. Nf3 Nd7 17. Nd2 Nc5 18. Bf3 Qe8 19. Qe2 Ne6 20. Nb3 a5 21. Be3 a4
22. Nd2 Bc5 23. Bxc5 Nxc5 24. b3 axb3 25. axb3 Qe6 26. b4 Nb7 27. Qxb5 Nd6 28.
Qc6 Rac8 29. Rfc1 f5 30. Qd5 Qxd5 31. exd5 e4 32. Be2 Ra8 33. c4 f4 34. c5 Nf7
35. Nc4 f3 36. Bf1 Ng5 37. h4 Nh7 38. d6 cxd6 39. Nxd6 Nf6 40. c6 Bf7 41. Nxf7
Kxf7 42. b5 Ke7 43. c7 Nd5 44. Rab1 Rac8 45. b6 Nxb6 46. Rxb6 Rf6 47. Rb8 Rff8
48. Rxc8 Rxc8 49. Ba6 e3 50. fxe3 Kd7 51. Bxc8+ 1-0

[Event "Tournoi Skype 031B"]
[Site "Skype"]
[Date "????.??.??"]
[Round "3.7"]
[White "Quiel, Aristoteles"]
[Black "Raut, Suryakant"]
[Result "0-1"]
[WhiteElo "1161"]
[BlackElo "1249"]
[PlyCount "122"]

1. d4 Nf6 2. c4 d5 3. cxd5 Qxd5 4. Nc3 Qd8 5. e4 a6 6. Nf3 g6 7. Bd3 Bg7 8. Bf4
O-O 9. O-O Bg4 10. Be2 c6 11. h3 Bxf3 12. Bxf3 Qb6 13. Rb1 Nbd7 14. e5 Ne8 15.
Be3 Qc7 16. Rc1 Qd8 17. Qb3 Qb6 18. Qc2 e6 19. d5 Qd8 20. dxc6 Nxe5 21. cxb7
Nxf3+ 22. Kh1 Qc7 23. g3 Qxb7 24. Qe4 Nd6 25. Qxb7 Nxb7 26. Kg2 Ne5 27. Rfd1
Nc4 28. Rd7 Nxe3+ 29. fxe3 Nc5 30. Rdd1 Bxc3 31. Rxc3 Ne4 32. Rc4 Nf6 33. e4
Rfc8 34. Rcd4 Rc2+ 35. R4d2 Rxd2+ 36. Rxd2 Nxe4 37. Rd4 Nf6 38. Ra4 Nd5 39. Ra5
Rc8 40. Rxa6 Rc2+ 41. Kf3 Rxb2 42. Ke4 Kg7 43. g4 Nc3+ 44. Ke5 Rxa2 45. Rc6 Nd5
46. Rc4 Rh2 47. g5 Rxh3 48. Kd6 Rg3 49. Kd7 Rxg5 50. Ke8 h5 51. Ra4 Rg4 52. Ra7
Rf4 53. Ra1 Nc7+ 54. Kd8 Nd5 55. Ke8 h4 56. Ra3 g5 57. Ra1 h3 58. Rg1 g4 59.
Re1 g3 60. Ra1 g2 61. Rg1 Rf1 0-1

[Event "Tournoi Skype 031B"]
[Site "Skype"]
[Date "????.??.??"]
[Round "3.8"]
[White "Hernandez Monzon, Alejandro"]
[Black "Rivalta, Paolo"]
[Result "1-0"]
[WhiteElo "1240"]
[BlackElo "1143"]
[PlyCount "33"]

1. e4 e5 2. Nf3 d5 3. exd5 Qxd5 4. Nc3 Qe6 5. Bb5+ c6 6. Ba4 Nf6 7. O-O Bd6 8.
d4 O-O 9. dxe5 Bxe5 10. Re1 Nbd7 11. Bf4 Ng4 12. h3 Nxf2 13. Kxf2 Re8 14. Bxe5
Nxe5 15. Rxe5 Qd7 16. Qe2 Rd8 17. Rd1 1-0

[Event "Tournoi Skype 031B"]
[Site "Skype"]
[Date "????.??.??"]
[Round "3.9"]
[White "Castanha, Marco"]
[Black "Le Bouill, Pierre"]
[Result "1/2-1/2"]
[WhiteElo "1144"]
[BlackElo "1223"]
[PlyCount "44"]

1. e4 d6 2. d4 Nf6 3. Nc3 c6 4. Nf3 g6 5. Bg5 Bg7 6. Be2 O-O 7. O-O Nbd7 8. Qd2
Re8 9. e5 dxe5 10. dxe5 Nd5 11. Nxd5 cxd5 12. Qxd5 Qc7 13. e6 fxe6 14. Qxe6+
Kh8 15. c3 Nf8 16. Qe3 Be6 17. Bh6 Bf6 18. Ng5 Bg8 19. Bg4 e6 20. Nf3 a6 21.
Qf4 Qe7 22. Ne5 g5 1/2-1/2

[Event "Tournoi Skype 031B"]
[Site "Skype"]
[Date "????.??.??"]
[Round "3.10"]
[White "Parrales, Rodolfo"]
[Black "Ruiz Aguilera, Juan Jesus"]
[Result "0-1"]
[WhiteElo "1220"]
[BlackElo "1116"]
[PlyCount "58"]

1. e4 e6 2. d4 d5 3. Nc3 Nf6 4. Bd3 c5 5. exd5 cxd4 6. Bb5+ Bd7 7. dxe6 Bxb5 8.
exf7+ Kxf7 9. Nxb5 Qa5+ 10. c3 Qxb5 11. Qxd4 Nc6 12. Qd1 Bc5 13. Nf3 Rhe8+ 14.
Be3 Qxb2 15. Qb3+ Qxb3 16. axb3 Bxe3 17. fxe3 Rxe3+ 18. Kd2 Rae8 19. Rhe1 Rxe1
20. Nxe1 Ke6 21. Nd3 Ne4+ 22. Kc2 Ne5 23. Nf4+ Kf5 24. g3 Rd8 25. Rxa7 g5 26.
Nh5 Rd2+ 27. Kb1 Nxc3+ 28. Kc1 Rxh2 29. Ng7+ Kg6 0-1

[Event "Tournoi Skype 031B"]
[Site "Skype"]
[Date "????.??.??"]
[Round "3.11"]
[White "Pandey, Dharmendra Kumar"]
[Black "Conde, Carmen"]
[Result "1-0"]
[WhiteElo "1099"]
[BlackElo "1206"]
[PlyCount "79"]

1. e4 d6 2. d4 e6 3. Nf3 h6 4. Bd3 g6 5. h3 Bd7 6. c4 Bg7 7. Nc3 a6 8. a3 Ne7
9. Be3 b6 10. O-O Bc6 11. d5 exd5 12. cxd5 Bb7 13. Rc1 O-O 14. Qc2 Nd7 15. b4
Rc8 16. Qd2 Kh7 17. Ne2 Ng8 18. Ned4 Qf6 19. Rc2 Rfe8 20. Rfc1 Ne5 21. Rxc7 Ba8
22. Rxc8 Rxc8 23. Rxc8 Bb7 24. Rb8 Qe7 25. Qc1 Nxd3 26. Qc2 Ne5 27. Nxe5 dxe5
28. Nf3 b5 29. Bb6 Qd7 30. Qc7 Qxc7 31. Bxc7 Bxd5 32. exd5 e4 33. Nd2 Nf6 34.
d6 Nd5 35. Ba5 Bf6 36. Nxe4 Bg7 37. d7 Be5 38. Rb7 Bf6 39. Nxf6+ Nxf6 40. d8=Q
1-0

[Event "Tournoi Skype 031B"]
[Site "Skype"]
[Date "????.??.??"]
[Round "3.12"]
[White "Rodriguez Tovar, Liliana"]
[Black "Baker, Abi"]
[Result "1-0"]
[WhiteElo "1204"]
[BlackElo "1067"]
[PlyCount "101"]

1. Nf3 d5 2. b3 Nf6 3. Bb2 Bg4 4. e3 Nc6 5. Be2 Qd7 6. d4 O-O-O 7. O-O h5 8. c4
h4 9. Nc3 a6 10. cxd5 Nxd5 11. Nxd5 Qxd5 12. h3 Bxh3 13. gxh3 g5 14. Nh2 f5 15.
Bf3 Qg8 16. d5 Ne5 17. Bg2 Bg7 18. Qc2 Rd7 19. Qxf5 Nf3+ 20. Qxf3 Bxb2 21. Rad1
Be5 22. Ng4 Bd6 23. Qf5 Qe8 24. Qxg5 e6 25. Nf6 Qe7 26. Ne4 Bc5 27. Qxe7 Rxe7
28. Nxc5 exd5 29. Rxd5 Rg8 30. Nd3 c6 31. Rd4 Reg7 32. Nf4 b5 33. Rfd1 Kc7 34.
Kh2 Kb6 35. b4 Ra7 36. Rd7 a5 37. Rxa7 Kxa7 38. bxa5 Ka6 39. Bxc6 Kxa5 40. Rd5
Kb6 41. Bxb5 Ra8 42. a4 Ra7 43. Rh5 Rc7 44. Nd5+ Kb7 45. Nxc7 Kxc7 46. Rxh4 Kd6
47. Rh5 Ke7 48. Rh6 Kf8 49. Rh7 Kg8 50. Rb7 Kf8 51. a5 1-0

[Event "Tournoi Skype 031B"]
[Site "Skype"]
[Date "????.??.??"]
[Round "3.13"]
[White "Hernandez, Enrique"]
[Black "Alarcon Alarcon, Marina"]
[Result "1-0"]
[WhiteElo "1051"]
[BlackElo "1196"]
[PlyCount "157"]

1. d4 Nf6 2. g3 d5 3. Bg2 e6 4. c4 Bb4+ 5. Bd2 Bxd2+ 6. Nxd2 c6 7. cxd5 cxd5 8.
Ngf3 Nbd7 9. O-O O-O 10. Re1 Ne4 11. Nxe4 dxe4 12. Nd2 Nf6 13. e3 Qc7 14. Rc1
Qb6 15. b3 a5 16. a4 Bd7 17. Rb1 Bc6 18. Nc4 Qd8 19. Ne5 Bd5 20. Qe2 Rc8 21.
Qb5 h6 22. Qe2 Rc3 23. Rec1 Rxb3 24. Rxb3 Bxb3 25. Qb5 Bd5 26. Rc5 Re8 27. Qxa5
b6 28. Rxd5 exd5 29. Qb5 Re7 30. Nc6 Qc7 31. Nxe7+ Qxe7 32. Qxb6 Qe8 33. a5 Nd7
34. Qc6 Nf6 35. Qb6 Nd7 36. Qd6 Nf6 37. a6 Qa8 38. Qb6 Nd7 39. Qb7 Qxb7 40.
axb7 Nb8 41. f3 f5 42. fxe4 fxe4 43. Bh3 Kf7 44. Bg4 Ke7 45. Bh5 Kd6 46. Bf7
Nd7 47. Bg8 Nb8 48. h4 Nc6 49. Kh2 Nb8 50. Kh3 Nd7 51. Kg4 Nf6+ 52. Kf5 Kc7 53.
Bxd5 Nxd5 54. Kxe4 Nf6+ 55. Kf5 Kxb7 56. e4 Kc7 57. e5 Nd5 58. Kg6 Kd7 59. Kxg7
Ke6 60. Kxh6 Kf7 61. Kg5 Ne7 62. h5 Kg7 63. h6+ Kf7 64. g4 Nd5 65. Kh5 Nf4+ 66.
Kg5 Nd5 67. Kf5 Ne7+ 68. Kf4 Ng6+ 69. Ke4 Ke6 70. d5+ Kf7 71. g5 Nh4 72. e6+
Ke7 73. h7 Ng6 74. Kf5 Nh8 75. g6 Kf8 76. d6 Kg7 77. d7 Nxg6 78. d8=Q Kxh7 79.
Qd7+ 1-0

[Event "Tournoi Skype 031B"]
[Site "Skype"]
[Date "????.??.??"]
[Round "3.14"]
[White "Vasquez Donaire, Ivis Godofredo"]
[Black "Pirola, Gabriele"]
[Result "0-1"]
[WhiteElo "1000"]
[BlackElo "1196"]
[PlyCount "50"]

1. e4 e5 2. Nf3 Nc6 3. Bb5 a6 4. Ba4 Bc5 5. O-O d6 6. h3 Bd7 7. d3 Nf6 8. Bg5
h6 9. Bd2 O-O 10. Qc1 Nd4 11. Nxd4 Bxa4 12. Bxh6 gxh6 13. Qxh6 Bxd4 14. Qg5+
Kh8 15. c3 Ba7 16. Nd2 Nh7 17. Qg3 Qg5 18. Qh2 Qxd2 19. h4 Qf4 20. g3 Qf3 21.
b3 Rg8 22. Qg2 Rxg3 23. Qxg3 Qxg3+ 24. Kh1 Qh3+ 25. Kg1 Rg8# 0-1

[Event "Tournoi Skype 031B"]
[Site "Skype"]
[Date "????.??.??"]
[Round "3.16"]
[White "Moumtaz, Abderrahim"]
[Black "Guillaume, Mickael"]
[Result "1/2-1/2"]
[WhiteElo "1279"]
[BlackElo "1126"]
[PlyCount "104"]

1. d4 d5 2. c4 c6 3. cxd5 cxd5 4. Nf3 Nc6 5. Nc3 Nf6 6. e3 Bg4 7. Be2 Bxf3 8.
Bxf3 e6 9. O-O Bd6 10. Re1 O-O 11. Bd2 Qc7 12. g3 Rfe8 13. Ne2 Ne7 14. Rc1 Qb6
15. Bc3 Rac8 16. Nf4 Bb4 17. Qb3 a5 18. Bxb4 Qxb4 19. Qxb4 axb4 20. b3 Rc6 21.
Nd3 Rxc1 22. Rxc1 Nc6 23. Rc5 Nd7 24. Rb5 b6 25. Nxb4 Nxb4 26. Rxb4 Rc8 27. a4
Rc6 28. Be2 Rd6 29. Bb5 Nf6 30. Bd3 Kf8 31. f3 g5 32. e4 dxe4 33. fxe4 Ng4 34.
h3 Ne3 35. Kf2 Nd1+ 36. Ke1 Nc3 37. Rc4 Na2 38. e5 Rd5 39. Bxh7 b5 40. axb5
Rxb5 41. Bc2 Nb4 42. Bd1 Nd3+ 43. Ke2 Nb2 44. Rc2 Nxd1 45. Kxd1 Rxb3 46. Rg2
Rd3+ 47. Ke2 Rxd4 48. Ke3 Ra4 49. Rd2 Kg7 50. Rd7 Kg6 51. g4 f6 52. Rd6 Kf7
1/2-1/2

[Event "Tournoi Skype 031B"]
[Site "Skype"]
[Date "????.??.??"]
[Round "3.17"]
[White "Moraga Vasquez, Michael"]
[Black "Pages, Philippe"]
[Result "1/2-1/2"]
[WhiteElo "1236"]
[BlackElo "1099"]
[PlyCount "79"]

1. e4 e5 2. Nf3 Nc6 3. Bb5 Nge7 4. c3 a6 5. Ba4 b5 6. Bb3 d6 7. h3 Ng6 8. d4
Bb7 9. O-O Be7 10. Be3 Na5 11. Bc2 Nc4 12. Bc1 d5 13. Nbd2 Bf6 14. Nxc4 dxc4
15. Re1 c6 16. a4 Qa5 17. Be3 b4 18. cxb4 Qxb4 19. a5 O-O 20. Ra4 Qb5 21. Bd2
Rfd8 22. Rb4 Qxa5 23. Rxb7 Qa2 24. Bg5 Bxg5 25. Nxg5 Rxd4 26. Qf3 Rf8 27. Rxf7
Rd6 28. Rxf8+ Nxf8 29. Qh5 c3 30. bxc3 Rf6 31. Bd3 Qxf2+ 32. Kh2 Qxe1 33. Bc4+
Kh8 34. Nf7+ Kg8 35. Nxe5+ Kh8 36. Nf7+ Kg8 37. Ng5+ Kh8 38. Nf7+ Kg8 39. Ng5+
Kh8 40. Nf7+ 1/2-1/2

[Event "Tournoi Skype 031B"]
[Site "Skype"]
[Date "????.??.??"]
[Round "3.19"]
[White "Barba Cepeda, Julio Cesar"]
[Black "Latterra, Jeremias"]
[Result "1-0"]
[WhiteElo "1173"]
[BlackElo "1047"]
[PlyCount "23"]

1. e4 c5 2. Nf3 Nc6 3. d4 cxd4 4. Nxd4 Nxd4 5. Qxd4 d6 6. Bc4 e5 7. Qd3 Nf6 8.
Nd2 Be7 9. Qb3 O-O 10. O-O Bd7 11. Qxb7 Bc6 12. Qxc6 1-0

[Event "Tournoi Skype 031B"]
[Site "Skype"]
[Date "????.??.??"]
[Round "3.20"]
[White "De Souza, Luciano"]
[Black "Khatanhar, Mohit"]
[Result "0-1"]
[WhiteElo "1000"]
[BlackElo "1139"]
[PlyCount "80"]

1. d4 d5 2. g3 Nc6 3. Nf3 Nf6 4. c4 Bf5 5. Nc3 e6 6. Bg2 Be7 7. O-O dxc4 8. Nh4
Nxd4 9. Nxf5 Nxf5 10. Bxb7 Qxd1 11. Rxd1 Rb8 12. Bc6+ Kf8 13. Bf4 g6 14. Na4
Kg7 15. Rac1 Rhd8 16. Rxd8 Rxd8 17. Bb7 Rb8 18. Ba6 Bd6 19. Rxc4 Bxf4 20. Rxf4
Nd5 21. Rc4 Nd6 22. Rc2 Rb4 23. b3 Re4 24. Bb7 Nxb7 25. Nb2 c5 26. Nc4 Nb4 27.
Rb2 Nd6 28. a3 Nxc4 29. bxc4 Na6 30. Rb7 Rxc4 31. Rb5 Nc7 32. Rb7 Nd5 33. Rxa7
Rc2 34. e4 Nc3 35. a4 Nxe4 36. Kf1 Rxf2+ 37. Ke1 Rxh2 38. Rc7 Rh1+ 39. Ke2 Nc3+
40. Kd3 Nxa4 0-1

[Event "Tournoi Skype 031B"]
[Site "Skype"]
[Date "????.??.??"]
[Round "3.21"]
[White "Franco, Yolima"]
[Black "Reese, Evan"]
[Result "1-0"]
[WhiteElo "1495"]
[BlackElo "1114"]
[PlyCount "59"]

1. d4 d5 2. e3 Nc6 3. Bd3 g6 4. Nd2 Bg7 5. c3 e5 6. e4 Nge7 7. Ne2 O-O 8. O-O
exd4 9. cxd4 Be6 10. e5 Nf5 11. Nf3 Nh4 12. Nf4 Bg4 13. Be2 Bxf3 14. Bxf3 Qg5
15. Nxd5 Nxf3+ 16. Qxf3 Qd8 17. Be3 Ne7 18. Bg5 Re8 19. Nf6+ Bxf6 20. Qxf6 h6
21. Bxh6 Nf5 22. Be3 Nxd4 23. Bxd4 Qxd4 24. Rfe1 Re6 25. Rad1 Rd8 26. Qxd8+
Qxd8 27. Rxd8+ Kg7 28. Rd7 Kf8 29. Rxc7 f6 30. f4 1-0

[Event "Tournoi Skype 031B"]
[Site "Skype"]
[Date "????.??.??"]
[Round "3.23"]
[White "Torres, Vicky"]
[Black "Farfallini, Michel"]
[Result "1-0"]
[WhiteElo "1091"]
[BlackElo "1446"]
[PlyCount "43"]

1. Nc3 e5 2. e4 Nf6 3. Nf3 d6 4. Bc4 c6 5. d4 Nbd7 6. d5 Qa5 7. dxc6 bxc6 8.
Bd2 Qb6 9. Bb3 Be7 10. Qe2 Ba6 11. Qe3 Qb7 12. Ng5 O-O 13. O-O-O Rfe8 14. Bxf7+
Kf8 15. Bxe8 Rxe8 16. Qf3 Rb8 17. b3 Kg8 18. Kb1 Rf8 19. Qf5 Nb6 20. Qe6+ Kh8
21. Nf7+ Kg8 22. Nxd6+ 1-0

[Event "Tournoi Skype 031B"]
[Site "Skype"]
[Date "????.??.??"]
[Round "3.24"]
[White "Scata, Laura"]
[Black "Colangelo, Michele"]
[Result "1-0"]
[WhiteElo "1370"]
[BlackElo "1108"]
[PlyCount "65"]

1. d4 d5 2. Bf4 Bf5 3. e3 h6 4. Bd3 Bd7 5. Nd2 Nf6 6. c3 a6 7. Ngf3 e6 8. Qb3
b5 9. Qc2 Be7 10. O-O O-O 11. Rfe1 c5 12. e4 cxd4 13. cxd4 Bc8 14. a3 Bb7 15.
e5 Nfd7 16. Rac1 Nc6 17. Nb3 Rc8 18. Nc5 Nxc5 19. dxc5 f6 20. Qd2 fxe5 21. Nxe5
Nxe5 22. Bxe5 Bg5 23. f4 Bf6 24. b4 Bxe5 25. Rxe5 Qe7 26. Qe3 Rce8 27. Qg3 Qf7
28. Rf1 Bc8 29. Bg6 Qd7 30. Bxe8 Qxe8 31. Rf3 Qf7 32. Qh4 g6 33. Qxh6 1-0

[Event "Tournoi Skype 031B"]
[Site "Skype"]
[Date "????.??.??"]
[Round "3.25"]
[White "Wildt, Gerti"]
[Black "Duthoit, Bernard"]
[Result "0-1"]
[WhiteElo "1067"]
[BlackElo "1320"]
[PlyCount "102"]

1. e4 e6 2. Nf3 c5 3. Bc4 a6 4. c3 b5 5. Bb3 Bb7 6. d3 Nc6 7. O-O Na5 8. Bc2 c4
9. Nbd2 cxd3 10. Bxd3 Nf6 11. Re1 d5 12. e5 Nd7 13. Nf1 g6 14. Be3 Bg7 15. Ng3
Nxe5 16. Bd4 Nxf3+ 17. Qxf3 Bxd4 18. cxd4 O-O 19. Rac1 Nc6 20. a3 Nxd4 21. Qe3
Qf6 22. Rc7 Bc6 23. Ne2 Nc2 24. Bxc2 d4 25. Nxd4 Bd5 26. f3 Rfe8 27. Qc3 e5 28.
Bb3 exd4 29. Rxe8+ Rxe8 30. Qc2 Bxb3 31. Qxb3 d3 32. Qxd3 Qb6+ 33. Kf1 Qxc7 34.
Kf2 Qc5+ 35. Kg3 Qf5 36. Qf1 h5 37. h4 Re3 38. Qf2 Qg4+ 39. Kh2 Qd4 40. Qg3 Re2
41. Qb8+ Kg7 42. Qg3 Qxb2 43. Qf4 Qe5 44. Kg3 Qxf4+ 45. Kxf4 Ra2 46. g4 hxg4
47. fxg4 Rxa3 48. h5 gxh5 49. gxh5 b4 50. Kg5 f6+ 51. Kf5 b3 0-1

[Event "Tournoi Skype 031B"]
[Site "Skype"]
[Date "????.??.??"]
[Round "3.26"]
[White "Prieto Umba, Jairo Ovidio"]
[Black "Koohnavard, Neda"]
[Result "1-0"]
[WhiteElo "1317"]
[BlackElo "1094"]
[PlyCount "133"]

1. e4 e5 2. Bc4 Nf6 3. Nc3 Bc5 4. Nf3 Nc6 5. O-O d6 6. d3 h6 7. Re1 Ng4 8. Be3
Bxe3 9. fxe3 O-O 10. h3 Nf6 11. a3 Re8 12. Qd2 Nh7 13. Qf2 Be6 14. Bxe6 fxe6
15. Qg3 Rf8 16. Rf1 Rf7 17. Rf2 Qe7 18. Raf1 Raf8 19. Qh4 Qe8 20. Nd2 Rxf2 21.
Rxf2 Rxf2 22. Qxf2 Qg6 23. Nb5 Ng5 24. Kh2 a6 25. Nxc7 Qf7 26. Qxf7+ Kxf7 27.
Na8 Nb8 28. c4 Nd7 29. Nb3 b6 30. Nc7 a5 31. Nb5 Ke7 32. Kg3 a4 33. Nc1 Nc5 34.
Nc3 Kd7 35. h4 Nf7 36. Kg4 Ke7 37. Kh5 g6+ 38. Kxg6 Kf8 39. g4 Ke7 40. g5 hxg5
41. hxg5 Kf8 42. Kf6 Kg8 43. Nb5 Nb7 44. g6 Nh6 45. Kxe6 Kg7 46. Nxd6 Nxd6 47.
Kxd6 Kxg6 48. Kxe5 Ng4+ 49. Kd4 Kf6 50. Ne2 Ke6 51. Nc3 Ne5 52. Nxa4 Nc6+ 53.
Kc3 Kd6 54. Nxb6 Kc5 55. Nd5 Na5 56. b4+ Kd6 57. bxa5 Kc6 58. Kb4 Kb7 59. Kb5
Ka7 60. e5 Kb7 61. e6 Kc8 62. a6 Kd8 63. Kb6 Kc8 64. e7 Kd7 65. Kb7 Kd6 66.
e8=Q Kc5 67. Qc6# 1-0

[Event "Tournoi Skype 031B"]
[Site "Skype"]
[Date "????.??.??"]
[Round "3.27"]
[White "Maccaferri, Massimo"]
[Black "Ponz Lazaro, Ruperto"]
[Result "0-1"]
[WhiteElo "1052"]
[BlackElo "1312"]
[PlyCount "46"]

1. e4 c5 2. Nf3 d6 3. Bc4 e6 4. Bb5+ Bd7 5. Bxd7+ Nxd7 6. b3 Ngf6 7. Bb2 Nxe4
8. h4 Nef6 9. h5 e5 10. d3 Be7 11. Qe2 Qc7 12. Nc3 a6 13. b4 cxb4 14. Ne4 Nxe4
15. Qxe4 Nf6 16. Qf5 O-O 17. Ng5 h6 18. Nf3 Qxc2 19. Bc1 Qc3+ 20. Ke2 Qc8 21.
Bd2 Qxf5 22. Nh4 Qe6 23. g4 Qxg4+ 0-1

[Event "Tournoi Skype 031B"]
[Site "Skype"]
[Date "????.??.??"]
[Round "3.28"]
[White "Hargez, Dany"]
[Black "Jimenez Del Rosario, Alsis Raynely"]
[Result "1-0"]
[WhiteElo "1296"]
[BlackElo "1093"]
[PlyCount "57"]

1. e4 d5 2. e5 e6 3. Nf3 Be7 4. d4 f6 5. Bd3 fxe5 6. Nxe5 Nf6 7. O-O Bd6 8. Bf4
Bxe5 9. Bxe5 Nc6 10. Bxf6 Qxf6 11. Bb5 Bd7 12. c3 O-O-O 13. Qa4 Kb8 14. Nd2 e5
15. Bxc6 Bxc6 16. Qd1 exd4 17. c4 dxc4 18. Nxc4 Bb5 19. Qb3 d3 20. Qxb5 d2 21.
Rfd1 Qd4 22. Rxd2 a6 23. Qb3 Qf6 24. Na5 b6 25. Rad1 Rxd2 26. Rxd2 Ka8 27. Qd5+
c6 28. Nxc6 Re8 29. Nd8+ 1-0

[Event "Tournoi Skype 031B"]
[Site "Skype"]
[Date "????.??.??"]
[Round "3.29"]
[White "Ibanez, Bittor"]
[Black "Codina, Teresa"]
[Result "0-1"]
[WhiteElo "1047"]
[BlackElo "1274"]
[PlyCount "100"]

1. e4 c5 2. Nf3 d6 3. Bc4 e6 4. d4 cxd4 5. Nxd4 Nf6 6. Nc3 a6 7. Bg5 Be7 8. a4
O-O 9. O-O Bd7 10. Nf3 Nc6 11. Na2 h6 12. Bh4 Rc8 13. c3 Na5 14. Bd3 Nc4 15. b3
Nb2 16. Qc2 Nxd3 17. Qxd3 Bc6 18. Nd2 Qc7 19. Bg3 Rfd8 20. h3 Qd7 21. c4 b5 22.
Nb4 bxc4 23. Nxc4 Bb7 24. Nxd6 Bxd6 25. e5 Bxb4 26. Qxd7 Rxd7 27. exf6 gxf6 28.
Rad1 Bd5 29. Rd4 Be7 30. b4 f5 31. Bf4 Kh7 32. Kh2 h5 33. Re1 Bf6 34. Be5 Be7
35. g4 hxg4 36. hxg4 Kg6 37. gxf5+ Kxf5 38. Rf4+ Kg6 39. Rg1+ Bg5 40. Rf6+ Kh5
41. Rxg5+ Kxg5 42. f4+ Kg4 43. Rh6 Kf3 44. Rh3+ Ke4 45. b5 axb5 46. axb5 Rc2+
47. Kg3 Rc1 48. Kh4 Rg1 49. b6 f6 50. Bxf6 Rh7# 0-1

[Event "Tournoi Skype 031B"]
[Site "Skype"]
[Date "????.??.??"]
[Round "3.30"]
[White "Bucherie, Volcy"]
[Black "Mfengu, Daluthando"]
[Result "1-0"]
[WhiteElo "1264"]
[BlackElo "1082"]
[PlyCount "129"]

1. d4 d5 2. c4 e6 3. Nf3 Nf6 4. g3 Bb4+ 5. Bd2 Bxd2+ 6. Nbxd2 O-O 7. Bg2 c6 8.
O-O Nbd7 9. c5 b6 10. b4 bxc5 11. bxc5 Ba6 12. Qa4 Qc8 13. Rab1 Bb5 14. Qb3 Rb8
15. Qa3 Bxe2 16. Rfe1 Rxb1 17. Nxb1 Bxf3 18. Bxf3 a6 19. Nc3 h6 20. Na4 Qb7 21.
Nc3 Qa7 22. Be2 a5 23. Qa4 Nb8 24. a3 Nfd7 25. Bd3 e5 26. Bf5 exd4 27. Qxd4
Nxc5 28. Bc2 Nba6 29. Qf4 Ne6 30. Qf5 g6 31. Qf6 d4 32. Bxg6 fxg6 33. Qxg6+ Ng7
34. Ne4 Qf7 35. Qxc6 Nb8 36. Qxh6 Nd7 37. Qd2 Qd5 38. Ng5 Ne5 39. Qc2 Nf3+ 40.
Nxf3 Qxf3 41. Re2 d3 42. Qb3+ Kh8 43. Rd2 Rd8 44. Qb6 Rc8 45. Qh6+ Kg8 46. Rb2
Rc1+ 47. Qxc1 Nf5 48. Rb8+ Kf7 49. Qc7+ Ne7 50. Qxa5 Qd1+ 51. Kg2 d2 52. Rb7
Qe1 53. Qh5+ Kf6 54. Qf3+ Nf5 55. Rb6+ Ke5 56. Rb5+ Kf6 57. Rb6+ Ke5 58. Rb5+
Kf6 59. Qxf5+ Ke7 60. Rb7+ Kd6 61. Rb6+ Ke7 62. Qf6+ Kd7 63. Rb7+ Kc8 64. Qc6+
Kd8 65. Qd7# 1-0

[Event "Tournoi Skype 031B"]
[Site "Skype"]
[Date "????.??.??"]
[Round "3.31"]
[White "Chamorro Cajina, Ivan Antonio"]
[Black "Battaglia, Gabriele"]
[Result "0-1"]
[WhiteElo "1045"]
[BlackElo "1228"]
[PlyCount "92"]

1. e4 c5 2. b3 Nc6 3. Bb2 d6 4. Nf3 Nf6 5. e5 dxe5 6. Nxe5 Nxe5 7. Bxe5 e6 8.
Nc3 Be7 9. Nb5 O-O 10. Nc7 Rb8 11. Nb5 Ra8 12. d4 Qa5+ 13. c3 a6 14. Nc7 Qxc3+
15. Ke2 Qb2+ 16. Kf3 Qc3+ 17. Bd3 Ra7 18. Re1 cxd4 19. Rc1 Qa5 20. Bxd4 b6 21.
Qc2 Qh5+ 22. Ke3 Rxc7 23. Qxc7 Nd5+ 24. Kd2 Bb4+ 25. Bc3 Bxc3+ 26. Rxc3 Nxc7
27. Rxc7 Qxh2 28. Rec1 Qf4+ 29. Ke2 Bb7 30. f3 g6 31. R1c4 Qe5+ 32. Kf2 Bd5 33.
Rc1 Qd4+ 34. Ke2 b5 35. Rd1 Qb2+ 36. Rd2 Qe5+ 37. Be4 Qxc7 38. Bxd5 exd5 39.
Rxd5 Re8+ 40. Kd3 Rd8 41. Rxd8+ Qxd8+ 42. Kc3 Qa5+ 43. Kb2 Qd2+ 44. Ka3 a5 45.
b4 axb4+ 46. Kb3 Qc3# 0-1

[Event "Tournoi Skype 031B"]
[Site "Skype"]
[Date "????.??.??"]
[Round "3.32"]
[White "Fouques Duparc, Paulin"]
[Black "Bland, Marilyn"]
[Result "1-0"]
[WhiteElo "1228"]
[BlackElo "1077"]
[PlyCount "51"]

1. b4 Nf6 2. Bb2 g6 3. c4 Bg7 4. d4 d6 5. Nc3 a6 6. e4 Nbd7 7. Nf3 b6 8. Bd3
O-O 9. h4 Bb7 10. d5 Ng4 11. Ng5 Nge5 12. h5 Nxd3+ 13. Qxd3 h6 14. Nf3 Ne5 15.
Nxe5 dxe5 16. O-O-O e6 17. hxg6 Qg5+ 18. Kb1 fxg6 19. Bc1 Rad8 20. Bxg5 hxg5
21. Qh3 Rxf2 22. Qxe6+ Kf8 23. Rdf1 Rxf1+ 24. Rxf1+ Bf6 25. Qxf6+ Ke8 26. Qf7#
1-0